Утечка и защита информации в телефонных каналах

Bibliografische gegevens
Hoofdauteur: Петраков А. В. Алексей Васильевич
Samenvatting:Рассмотрены различные каналы утечки аудиовидеоинформации из телефонной сети — телефонный канал (3,1 кГц; 64 кбит/с) это основной (стан­дартный) канал доставки аудиовидеоинформации потребителю (абоненту) — и возможные методы и средства ее защиты. Приведены сведения о широкой номенклатуре средств как съема, так и защиты информации. Для научных работников и инженеров, чья деятельность связана с необ­ходимостью охраны и защиты информации. Книга может служить пособи­ем по дисциплинам «Защита информации», «Основы защиты информации», «Техническая защита информации» для университетов, колледжей и инсти­тутов повышения квалификации.
Taal:Russisch
Gepubliceerd in: Москва, РадиоСофт, 2014
Editie:6-е изд., доп.
Onderwerpen:
Formaat: MixedMaterials Boek
KOHA link:https://koha.lib.tpu.ru/cgi-bin/koha/opac-detail.pl?biblionumber=289950

MARC

LEADER 00000nam0a2200000 4500
001 289950
005 20231102000233.0
010 |a 9785932740736 
035 |a (RuTPU)RU\TPU\book\314478 
090 |a 289950 
100 |a 20150403d2014 k y0rusy50 ca 
101 0 |a rus 
102 |a RU 
105 |a a z 001zy 
200 1 |a Утечка и защита информации в телефонных каналах  |f А. В. Петраков 
205 |a 6-е изд., доп. 
210 |a Москва  |c РадиоСофт  |d 2014 
215 |a 416 с.  |c ил. 
320 |a Библиогр.: с. 401-412. 
330 |a Рассмотрены различные каналы утечки аудиовидеоинформации из телефонной сети — телефонный канал (3,1 кГц; 64 кбит/с) это основной (стан­дартный) канал доставки аудиовидеоинформации потребителю (абоненту) — и возможные методы и средства ее защиты. Приведены сведения о широкой номенклатуре средств как съема, так и защиты информации. Для научных работников и инженеров, чья деятельность связана с необ­ходимостью охраны и защиты информации. Книга может служить пособи­ем по дисциплинам «Защита информации», «Основы защиты информации», «Техническая защита информации» для университетов, колледжей и инсти­тутов повышения квалификации. 
606 1 |a Защита информации  |x Вычислительная техника  |2 stltpush  |3 (RuTPU)RU\TPU\subj\74425  |9 86711 
606 1 |a Телефонные линии  |2 stltpush  |3 (RuTPU)RU\TPU\subj\59329  |9 76889 
610 1 |a конфиденциальная информация 
610 1 |a количество 
610 1 |a качество 
610 1 |a аудиоинформация 
610 1 |a утечка 
610 1 |a аудиовидеоинформация 
610 1 |a несанкционированный доступ 
610 1 |a способы 
610 1 |a скрытое получение 
610 1 |a телефонные сети 
610 1 |a дистанционный контроль 
610 1 |a экранирование 
610 1 |a противодействие 
610 1 |a данные 
610 1 |a криптографическая защита 
610 1 |a электронная цифровая подпись 
610 1 |a речевые сигналы 
610 1 |a закрытие 
675 |a 004.056.5  |v 4 
675 |a 621.395.73  |v 4 
700 1 |a Петраков  |b А. В.  |g Алексей Васильевич 
801 1 |a RU  |b 63413507  |c 20150403 
801 2 |a RU  |b 63413507  |c 20150604  |g RCR 
900 |a Защита информации в компьютерных системах и сетях 
900 |a Защита информации и информационная безопасность 
942 |c BK 
959 |a 31/20150403  |d 3  |e 610,00  |f ЧЗТЛ:1  |f УФ:2